Il ciclone /
Sparad:
| Övriga upphov: | , , , , , , , , , , , |
|---|---|
| Materialtyp: | |
| Språk: | italienska |
| Utgiven: |
Firenze :
Cecchi Gori home video,
[199.!
|
| Taggar: |
Inga taggar, Lägg till första taggen!
|
MARC
| LEADER | 00000ngm a22000007i 4500 | ||
|---|---|---|---|
| 001 | IT\ICCU\TO0\0928416 | ||
| 003 | ItRI | ||
| 005 | 20260124182806.0 | ||
| 008 | 010201q19901999it |||||||||||||||k|||||c | ||
| 028 | 4 | 2 | |a 3326 |
| 028 | 4 | 2 | |a 403 |
| 040 | |b ita | ||
| 041 | 7 | |a ita |2 ISO-639-2 | |
| 130 | 3 | |a Il ciclone <film ; 1996> |3 IT\ICCU\MOD\0862710 | |
| 245 | 0 | 3 | |a Il ciclone / |c un film di Leonardo Pieraccioni ; soggetto Leonardo Pieraccioni ; sceneggiatura Giovanni Veronesi. |
| 260 | |a Firenze : |b Cecchi Gori home video, |c [199.! | ||
| 300 | |a 1 videocassetta (VHS) (94 min.) : |b color., son | ||
| 500 | |a Tit. del contenitore | ||
| 500 | |a Ripr. del film del 1997, vincitore di 3 David di Donatello; interpreti: Leonardo Pieraccioni, Lorena Fortezza, Barbara Enrichi, Massimo Ceccherini, Sergio Forconi, Tosca D'Aquino, Partizia Corti, Benedetta Mazzini, Natalia Estrada, Paolo Hendel, Alessandro Haber. | ||
| 700 | 1 | |a Ceccherini, Massimo |0 IT\ICCU\BVEV\048939 | |
| 700 | 1 | |a Enrichi, Barbara |0 IT\ICCU\CAGV\510683 | |
| 700 | 1 | |a Forconi, Sergio |0 IT\ICCU\MODV\609308 | |
| 700 | 1 | |a Haber, Alessandro |0 IT\ICCU\RAVV\089957 | |
| 700 | 1 | |a Corti, Patrizia |0 IT\ICCU\RAVV\303657 | |
| 700 | 1 | |a Mazzini, Benedetta |0 IT\ICCU\RAVV\303658 | |
| 700 | 1 | |a Estrada, Natalia |0 IT\ICCU\RAVV\303659 | |
| 700 | 1 | |a Hendel, Paolo |0 IT\ICCU\TO0V\281669 | |
| 700 | 1 | |a Pieraccioni, Leonardo |0 IT\ICCU\TO0V\309012 | |
| 700 | 1 | |a Fortezza, Lorena |0 IT\ICCU\TO0V\390455 | |
| 700 | 1 | |a Guidetti, Claudio |0 IT\ICCU\UBOV\484366 | |
| 700 | 1 | |a Veronesi, Giovanni, |d (1962- ) |0 IT\ICCU\UFIV\122004 | |
| 790 | 1 | |a Mazzini Crocco, Benedetta |3 IT\ICCU\SBNV\026673 |z Mazzini, Benedetta | |
| 790 | 1 | |a Pravettoni, Carcarlo |3 IT\ICCU\MILV\348961 |z Hendel, Paolo | |
| 942 | |2 ddc |c VM |n 0 | ||
| 952 | |0 0 |1 0 |4 0 |6 VO_449_000000000000000 |7 0 |9 26330 |a BO |b BO |d 2026-01-24 |i 7029 |l 0 |o VO 449 |p BO7029 |r 2026-01-24 18:28:06 |w 2026-01-24 |x [Sebina 5] [1 videocassetta] |y VM |z 1 videocassetta | ||
| 999 | |c 22249 |d 22249 | ||